1733 1201 1698 1728 1525 1856 1303 1934 1063 1062 1967 1503 1443 1177 1032 1818 1492 1931 1671 1536 1605 1551 1926 1406 1471 1932 1065 1714 1176 1239 1550 1974 1076 1232 1562 1944 1160 1074 1979 1075 1951 1888 1442 1525 1492 1827 1821 1084 1704 1644 1084 1433 1082 1330 1989 1512 1413 1956 1000 1473 1245 1535 1099 1964 1936 1069 1195 1264 1010 1340 1000 1939 1250 1267 1376 1743 1039 1687 1898 1943 1257 1854 1514 1731 1713 1523 1923 1126 1356 1424 1134 1353 1446 1313 1690 1177 1267 1399 1149 BCNSPRNW ULIB Ver.6.0+V

เปลี่ยนเป็นภาษาไทย

Change to English
 แสดงรายละเอียดบรรณานุกรม
  กลับหน้าหลัก

Brief Record : Get Marc (ISO 2709) : E-mail record : QR code < ปิดหน้าต่าง
LEADER : 00000nam 2200000uu 4500
001    13399127197
003     ULIB
008    191021s2562||||th 000 0 tha d
020 ^- ^a9786167735962
050 ^- ^aนว.^bก831บ
100 0^ aเก้าแต้ม.
245 10 ^aบุษราอาฆาต /^cเก้าแต้ม.
250 ^- ^aพิมพ์ครั้งที่ 1.
260 ^- ^aกรุงเทพฯ :^bกรู๊ฟ พับลิชชิ่ง,^c2562
300 ^- ^a480 หน้า.
945    ^p390^l0^i27889
999    ^aกัณชพร จุลอักษร
รายการนี้ยังไม่มีแท็ก
คุณยังไม่ได้ล็อกอิน คุณสามารถมีกิจกรรมร่วมกับเว็บไซต์ได้ แต่ต้องล็อกอินก่อน ::
  ล็อกอิน

รายการสื่อสารสนเทศ

ลำดับที่ ประเภท เลขเรียก/บาร์โค้ด สถานที่ สถานะ
1. วิทยาศาสตร์การแพทย์ และสุขภาพ
วิทยาศาสตร์การแพทย์ และสุขภาพ
นว. ก831บ ฉ.1 
  Barcode: 27889
ห้องสมุดวิทยาเขตนครสวรรค์
►นวนิยาย:l:Fiction
บนชั้น

BibComment


ยังไม่เคยถูกคอมเมนท์

คอมเมนท์ทรัพยากรรายการนี้
  คอมเมนท์: บุษราอาฆาต เก้า..


 Copyright 2026. Bcnsprnw @Library